Quizzes
Events
Quiz Creation
Community
Videos
Private Events
Remove Ads
Sign In
Join for FREE
Feedback
Dark Mode
Quiz Categories
Sports
Geography
Music
Movies
Television
Just For Fun
Miscellaneous
History
Literature
Language
Science
Gaming
Entertainment
Religion
Holiday
For Kids
Quiz Lab
Recent
Popular Today
Quiz Kudos Today
Editor Picks
Curator Picks
Quizzes by...
Day
Popularity
Type
Ratings
Length
Year
Community
Subscriptions
Recent Discussions
Orange Saloon
Badges
Playlists
Quests
Create
Leaderboards
Showdown
Live 5
Trivia Bingo
Activity
Puzzle Library
Sporcle Events
Private Events
Virtual Trivia
Globe League
Become a Host
Pub Owners
SporcleCon
Opinionation
Our Games
Videos
Blog
Mobile Apps
Partnerships
Remove Ads and Go Orange
Feedback
Music
Pop Music
The Beatles
Song
Album
Lyrics
Bands
Singers
Artist
Clip
Rock
Rap
Classical
Billboard
Country Music
Kpop
Taylor Swift
Music
Pop Music
The Beatles
Song
Album
Lyrics
Bands
Singers
Artist
Clip
Rock
Rap
Classical
Billboard
Country Music
Kpop
Taylor Swift
Random Quiz
Search Sporcle
×
Quiz Lab
Quiz Lab
Music
Country Music
Type in answers that appear in a list
Type in answers that appear in a list
Classic
Best Score? Go Orange.
Name the Jamey Johnson songs Stats
Can you name the Jamey Johnson songs?
By
BostonPatriots
10m
50 Questions
93 Plays
93 Plays
93 Plays
Comments
Comments
Give Quiz Kudos
Give Quiz Kudos
-
- Ratings
hide this ad
More Info
Replay
Link that replays current quiz
Next Quiz
Link to next quiz in quiz playlist
You Got
0%
They Got
Avg Score
42%
Avg Friend Score
Upgrade to see
Score Distribution
Jump to the score distribution portion of the page
Score
0/50
Timer
10:00
0
Plays Today
Album
Song Name
% Correct
The Dollar
The Dollar
77.4%
That Lonesome Song
In Color
77.4%
That Lonesome Song
That Lonesome Song
77.4%
That Lonesome Song
High Cost of Living
71%
That Lonesome Song
Stars in Alabama
57%
The Guitar Song (White Album)
The Guitar Song
55.9%
The Dollar
Ray Ray's Juke Joint
53.8%
The Dollar
Rebelicious
53.8%
That Lonesome Song
Between Jennings and Jones
53.8%
The Guitar Song (Black Album)
Lonely At the Top
53.8%
The Dollar
Flying Silver Eagle
52.7%
That Lonesome Song
Mowin' Down the Roses
52.7%
The Guitar Song (Black Album)
Cover Your Eyes
50.5%
The Guitar Song (Black Album)
Playing the Part
49.5%
The Guitar Song (White Album)
Macon
48.4%
The Dollar
She's All Lady
47.3%
The Guitar Song (Black Album)
Set 'Em Up Joe
47.3%
The Guitar Song (White Album)
My Way to You
47.3%
That Lonesome Song
Released
46.2%
That Lonesome Song
The Door Is Always Open
46.2%
That Lonesome Song
Place Out On the Ocean
45.2%
The Dollar
Lead Me Home
44.1%
That Lonesome Song
Angel
44.1%
The Guitar Song (Black Album)
Can't Cash My Checks
44.1%
The Guitar Song (White Album)
California Riots
44.1%
Album
Song Name
% Correct
That Lonesome Song
Women
43%
The Dollar
Redneck Side of Me
41.9%
That Lonesome Song
Mary Go Round
41.9%
That Lonesome Song
Dreaming My Dreams
41.9%
The Guitar Song (Black Album)
Poor Man Blues
40.9%
The Guitar Song (Black Album)
Mental Revenge
40.9%
The Guitar Song (White Album)
That's Why I Write Songs
39.8%
The Guitar Song (White Album)
Front Porch Swing Afternoon
38.7%
The Guitar Song (Black Album)
Baby Don't Cry
35.5%
The Guitar Song (White Album)
For the Good Times
35.5%
The Guitar Song (Black Album)
Heartache
34.4%
The Guitar Song (White Album)
By the Seat of Your Pants
31.2%
The Dollar
Keepin' Up With the Jonesin'
30.1%
The Guitar Song (White Album)
Thankful For the Rain
30.1%
The Dollar
My Saving Grace
29%
The Guitar Song (White Album)
Dog In the Yard
29%
The Guitar Song (Black Album)
That's How I Don't Love You
28%
The Guitar Song (Black Album)
Even the Skies Are Blue
24.7%
The Dollar
Back to Caroline
22.6%
The Guitar Song (White Album)
Good Morning Sunrise
22.6%
The Guitar Song (White Album)
Good Times Aint What They Used to Be
21.5%
That Lonesome Song
When The Last Cowboy's Gone
20.4%
The Guitar Song (White Album)
I Remember You
20.4%
The Dollar
It Was Me
19.4%
The Guitar Song (Black Album)
Heaven Bound
14%
Quiz Playlist
Details
Report
Send in Message
Add To Playlist
More Info:
Name the songs from Jamey's three studio albums.
Classic:
Type in answers that appear in a list
Last Updated: Feb 16, 2017
Quiz Scoreboard
CHALLENGE
Sign Up to Join the Scoreboard
Show All
Scores
Hide
Comments
May contain spoilers
Recently Published
Presidents Visiting Landmarks
by Hejman
History
7m
An Introduction to Baseball
by treessimontrees
Sports
5m
Movies - When Are They Set?
by FPL_Elf
Movies
5m
More to Explore
Quiz From the Vault
Featured Blog Post
Where Did the Easter Bunny Come From?
hide this ad
You Might Also Like...
Tags
Country Music Quiz
ACM
Alabama
CMA Award
dollar
George Strait
guitar
Jennings
johnson
Nashville
Redneck
tennessee
Today's Top Quizzes in Music
Browse Music
hide this ad
Today's Top Quizzes in Country Music
Browse Country Music
Top Contributed Quizzes in Music
1
Taylor Swift All Songs (2024)
2
Guess the Artist- 70s Songs
3
Taylor Swift Logic Puzzle
4
KPOP LOGIC QUIZ
5
One Thing in Common: Music
6
2010s Album by Cover III
7
7-to-1: Billboard Hot 100 #1 Hits of 2010s
8
Guess the Taylor Swift song (Mystery Song)
9
Sorting Albums and Songs
10
2000s Album Cover Bunker
Explore More
Trending Topics
NBA
Kpop
Anime
Disney
Marvel
Harry Potter
Crossword
Pokémon
WWE
Puzzle
NFL
Song
Soccer
Country
The Office
hide this ad
More By:
BostonPatriots
Quiz
Plays
Rating
Category
Featured
Created
Should I enlist in Army or Marines?
442
3.00
Miscellaneous
Nov 19, 2010
episodes of Band of Brothers
330
5.00
Miscellaneous
Mar 15, 2010
College D-I Hockey Teams by Conference
283
4.00
Sports
Mar 25, 2010
Name the Jamey Johnson songs
93
5.00
Music
Oct 23, 2010
Name the Teams and Mascots of Hockey East
85
5.00
Sports
Mar 16, 2010
Go to Creator's Profile
Score Distribution
Quiz Creator Spotlight
BostonPatriots
Follow
Send a Message
Quizzes Created
-
Created Quiz Play Count
-
More By This Creator
Popular Quizzes Today
1
Find the US States - No Outlines Minefield
2
Find the Countries of Europe - No Outlines Minefield
3
The Countries of the World
4
Find the US States
5
Popular People in 1961
6
US States
7
Risky Map Clicking: Biggest States A-Z
8
1-10 Letter E Words III
More Music Quizzes
Ruined By A Letter: AC/BC
Curator's Pick
Trending Quizzes
Risky Map Clicking: Least Populous States A-Z
1-10 Letter G Words
1-10 Letter F Words
One Thing in Common: United Kingdom
Risky Map Clicking: Next State Alphabetically
Recently Updated
Leaping Animals
pecheneg
Reality TV Shows (A-Z)
bhenderson79
Rickey Henderson's Hall of Fame Teammates
pecheneg
Champions League XIs: Arsenal
pecheneg
Quick Pick: Celebrities in WWE's Hall of Fame
aduchscher
A-Z Keypad Blitz II
pecheneg
Multiple Oscar Actors
pecheneg
Mystery Phrase Blitz: Oscar 'Best Actors'
pecheneg
F. Scott Fitzgerald Novels
LTH
Pick 3 Villains
ddd62291
Trending Topics
NBA
Kpop
Disney
Harry Potter
Anime
Crossword
Marvel
The Office
Puzzle
Country
Song
Soccer
NFL
Pokémon
WWE
Your Account Isn't Verified!
In order to create a playlist on Sporcle, you need to verify the email address you used during registration. Go to your
Sporcle Settings
to finish the process.
Report this User
Report this user for behavior that violates our
Community Guidelines
.
Details:
Send Report
Go to the Sporcle.com Mobile Site →
Comments